[Event "Milan Crespi op-B 35th"]
[Site "Milan"]
[Date "2014.12.08"]
[Round "7"]
[White "Maccari, Piergiuseppe"]
[Black "Pili, Giangiuseppe"]
[Result "1-0"]
[WhiteElo "1714"]
[BlackElo "1678"]
[PlyCount "91"]
[EventDate "2014.12.04"]
[EventType "swiss"]
[EventRounds "7"]
[EventCountry "ITA"]
[SourceTitle "EXT 2017"]
[Source "ChessBase"]
[SourceDate "2016.10.25"]
[SourceVersion "1"]
[SourceVersionDate "2016.10.25"]
[SourceQuality "1"]

1. Nf3 Nf6 2. g3 e6 3. Bg2 c5 4. 0-0 d6 5. c4 Qc7 6. Nc3 Bd7 7. d4 Na6 8. Bg5 Be7 9. Rc1 0-0 10. e4 h6 11. Bf4 Nh5 12. Be3 Bf6 13. e5 Be7 14. Nb5 Bxb5 15. cxb5 Nb4 16. exd6 Bxd6 17. dxc5 Be7 18. Nd4 Nf6 19. a3 Nbd5 20. Bd2 Rfd8 21. c6 b6 22. Qe2 Bd6 23. Rfe1 Re8 24. Nf3 Rad8 25. Ne5 Kf8 26. b4 Kg8 27. Bc3 Kf8 28. Bd4 Kg8 29. Nc4 Rc8 30. Nxd6 Qxd6 31. Be5 Qe7 32. h3 Red8 33. Rcd1 Kf8 34. Bb2 Kg8 35. Qe5 Qf8 36. Kh2 Kh8 37. Rc1 Nc7 38. Rcd1 Ncd5 39. Bf3 Kg8 40. Kg2 Kh8 41. h4 Qd6 42. Qxd6 Rxd6 43. Bxf6 gxf6 44. Bxd5 Rxd5 45. Rxd5 exd5 46. Re7 1-0

[Event "Milan Crespi op-B 35th"]
[Site "Milan"]
[Date "2014.12.06"]
[Round "3"]
[White "Pasini, Nicolo"]
[Black "Pili, Giangiuseppe"]
[Result "1-0"]
[WhiteElo "1631"]
[BlackElo "1678"]
[PlyCount "83"]
[EventDate "2014.12.04"]
[EventType "swiss"]
[EventRounds "7"]
[EventCountry "ITA"]
[SourceTitle "EXT 2017"]
[Source "ChessBase"]
[SourceDate "2016.10.25"]
[SourceVersion "1"]
[SourceVersionDate "2016.10.25"]
[SourceQuality "1"]

1. e4 c6 2. Nc3 d5 3. Nf3 dxe4 4. Nxe4 Nd7 5. d4 Ngf6 6. Nxf6+ Nxf6 7. Bc4 Bg4 8. Ne5 Qa5+ 9. Bd2 Qxe5+ 10. dxe5 Bxd1 11. Rxd1 Nd5 12. 0-0 e6 13. a3 Be7 14. Ba2 0-0-0 15. c4 Nc7 16. Be3 b6 17. f3 c5 18. Kf2 h6 19. Ke2 Na6 20. Bb1 Nb8 21. Bd2 Rd4 22. b3 Rhd8 23. Bc3 R4d7 24. Rxd7 Rxd7 25. Rd1 g6 26. Rxd7 Kxd7 27. Be4 Nc6 28. Kd3 a6 29. g4 Bg5 30. Bxc6+ Kxc6 31. Ke4 b5 32. f4 Be7 33. Be1 f5+ 34. exf6 Bxf6 35. f5 gxf5+ 36. gxf5 e5 37. Bd2 h5 38. Bh6 Bh8 39. Bg5 Kd6 40. h3 Bg7 41. f6 Bf8 42. Kf5 1-0

[Event "Milan Sport&Cultura op"]
[Site "Milan"]
[Date "2010.02.13"]
[Round "2"]
[White "Pili, Giangiuseppe"]
[Black "Margstahler, Francesco"]
[Result "1-0"]
[WhiteElo "1669"]
[BlackElo "1836"]
[PlyCount "55"]
[EventDate "2010.02.12"]
[EventType "swiss"]
[EventRounds "5"]
[EventCountry "ITA"]
[SourceTitle "EXT 2011"]
[Source "ChessBase"]
[SourceDate "2010.11.26"]
[SourceVersion "1"]
[SourceVersionDate "2010.11.26"]
[SourceQuality "1"]

1. d4 d5 2. Nf3 Nf6 3. c4 c6 4. cxd5 cxd5 5. Nc3 Nc6 6. Bf4 a6 7. e3 Bg4 8. Qb3 Na5 9. Qc2 Bxf3 10. gxf3 e6 11. Rg1 Nc6 12. Rc1 Nh5 13. Bg5 Be7 14. f4 h6 15. Bxe7 Qxe7 16. Be2 Qh4 17. Bxh5 Qxh5 18. Rxg7 Qxh2 19. Qe2 h5 20. Kd2 Ke7 21. Rcg1 Qh4 22. R7g5 Rac8 23. Qf3 Na5 24. b3 b5 25. Rh1 Qg4 26. Rxg4 hxg4 27. Qg2 Rhg8 28. Rh4 1-0

[Event "Cagliari Alfa Lum op"]
[Site "Cagliari"]
[Date "2009.08.29"]
[Round "3"]
[White "Sitzia, Carlo"]
[Black "Pili, Giangiuseppe"]
[Result "1/2-1/2"]
[WhiteElo "1487"]
[BlackElo "1698"]
[PlyCount "85"]
[EventDate "2009.08.28"]
[EventType "swiss"]
[EventRounds "6"]
[EventCountry "ITA"]
[SourceTitle "EXT 2012"]
[Source "ChessBase"]
[SourceDate "2011.11.24"]
[SourceVersion "1"]
[SourceVersionDate "2011.11.24"]
[SourceQuality "1"]

1. d4 Nf6 2. c4 b6 3. Nf3 Bb7 4. e3 e6 5. Bd3 d6 6. 0-0 Nbd7 7. b3 Ne4 8. Bb2 Be7 9. Nbd2 Ndf6 10. Rc1 0-0 11. Qc2 Nxd2 12. Qxd2 Bxf3 13. gxf3 c5 14. f4 Rc8 15. Qe2 d5 16. Qf3 Re8 17. Qh3 b5 18. dxc5 g6 19. cxd5 Qxd5 20. Bxb5 Red8 21. Bc4 Qd2 22. Bxf6 Bxf6 23. b4 Qxb4 24. Bb3 Rxc5 25. Rb1 Qe4 26. Qg2 Qc6 27. Qxc6 Rxc6 28. Kh1 Rd2 29. Rbd1 Rcd6 30. Rxd2 Rxd2 31. Kg2 Bh4 32. Bc4 Kf8 33. Bb3 Ke7 34. a4 Kf6 35. Bd1 Kf5 36. Kf3 h6 37. h3 g5 38. Be2 h5 39. Rg1 g4+ 40. hxg4+ hxg4+ 41. Rxg4 Rxe2 42. Rxh4 Ra2 43. Rh5+ 1/2-1/2